| 000 | 01118nam a2200289 a 4500 | ||
|---|---|---|---|
| 001 | 000111568 | ||
| 003 | CHAP | ||
| 005 | 20220329144219.0 | ||
| 008 | 150616s2015 mx |sm |||||||spa d | ||
| 010 | _a108030 | ||
| 011 | _a109002 | ||
| 040 | _cCHAP | ||
| 090 | _aTesis | ||
| 100 | 1 |
_aDelgadillo Dávila, Angélica _9129441 |
|
| 245 | 1 | 0 |
_aEducación ambiental para la sustentabilidad en la Universidad Autónoma Chapingo, Departamento de Socioloía Rural (estado de conocimiento 2002-2012) _h[En línea] _cpor Angélica Delgadillo Dávila. |
| 260 |
_aChapingo, Méx. : _bEl autor, _c2015. |
||
| 500 | _aPara ver el contenido del material haga clic en la liga | ||
| 502 | _aTesis (Maestro en Procesos Educativos) -- UACH. Departamento de Sociología Rural | ||
| 590 |
_aE11695DGD _b10 _c20170209 _lUCH01 _h1435 |
||
| 590 |
_aE5652GLJ _b05 _c20150616 _lUCH01 _h1324 |
||
| 590 |
_aE5652GLJ _b05 _c20150616 _lUCH01 _h1325 |
||
| 650 | 1 | 4 |
_aEducación ambiental _xInvestigaciones. _9129455 |
| 856 |
_aFinding aid _uhttp://10.13.5.2/tesis/sist111568.pdf _zTeclea aquí |
||
| 901 | _aBK | ||
| 942 | _cTESIS | ||
| 942 | _n0 | ||
| 999 |
_c108030 _d108030 |
||